L. Annaei Senecae opera quae supersunt (Registro nro. 71751)
[ vista simple ]
| 000 -ENCABEZADO | |
|---|---|
| Número de control [NR] | 02126nam a2200301Ia 4500 |
| 005 - FECHA Y HORA DE LA ÚLTIMA TRANSACCIÓN | |
| control field | 20180119080857.0 |
| 008 - DE LONGITUD FIJA DE DATOS DE ELEMENTOS - INFORMACIÓN GENERAL | |
| Elementos de longitud fija [NR] | 130821s1907 gw fr 1 e mul d |
| 040 ## - FUENTE DE CATALOGACION [NR] | |
| Agencia de catalogación original [NR] | Co-BoUCM |
| Idioma de catalogación [NR] | spa |
| Quien Cataloga | Sandra Yazo |
| Quien Clasifica | Sandra Yazo |
| 041 0# - CODIGO DE IDIOMA [R] | |
| Código de idioma para texto/pista de sonido o título separado [R] | Latín |
| -- | Griego |
| 082 04 - NUMERO DE CLASIFICACION DECIMAL DEWEY [R] | |
| Número de clasificación [R] | 878.6 |
| Número de la edición [NR] | 20 |
| 092 ## - SIGNATURA TOPOGRAFICA LOCAL | |
| Número de clasificación local | E08N019 |
| 100 1# - ASIENTO PRINCIPAL--NOMBRE PERSONAL [NR] | |
| Nombre personal [NR] | Séneca, Lucio Anneo |
| ID Autoridad | 2889 |
| 242 00 - TRADUCCION DEL TITULO POR LA AGENCIA CATALOGADORA [R] | |
| Título [NR] | Obras de Lucio Anneo Séneca que han llegado hasta nosotros. |
| Mención de responsabilidad, etc. [NR] | Editado por Alfred Gercke. |
| Nombre de la parte o sección [R] | Volumen II. De Lucio Anneo Séneca ocho libros sobre cuestiones naturales. |
| Código de idioma del título traducido [NR] | spa |
| 245 10 - MENCION DE TITULO [NR] | |
| Título [NR] | L. Annaei Senecae opera quae supersunt |
| Mención de responsabilidad, etc. [NR] | Edidit Alfred Gercke |
| Nombre de la parte/sección de la obra [R] | Volumen II. L. Annaei Senecae Naturalium quaestionum libros VIII. |
| 260 ## - PUBLICACION, DISTRIBUCION, ETC. (PIE DE IMPRENTA) [R] | |
| Lugar de publicación, distribución, etc. [R] | Lipsiae (Leipzig) [Alemania] |
| Nombre del editor, distribuidor, etc. [R] | In aedibus B. G. Teubneri [En la imprenta de B. G. Teubner] |
| Fecha de publicación, distribución, etc. [R] | 1907 |
| 300 ## - DESCRIPCION FISICA [R] | |
| Extensión [R] | xlvi, [2], 278 páginas |
| Dimensiones [R] | 16 x 12 cm. |
| 490 #0 - MENCION DE SERIE [R] | |
| Mención de serie [R] | Bibliotheca scriptorum graecorum et romanorum Teubneriana [Biblioteca Teubneriana de escritores griegos y romanos] |
| Designación numérica/secuencial del volumen [NR] | 2 |
| 500 ## - NOTA GENERAL [R] | |
| Nota general [NR] | Detalles físicos: Encuadernación rígida, en cartón duro forrado en tela encolada. Tapa delantera con una impresión de página entera en tinta negra, con datos de publicación. Guardas con texto impreso, la delantera con marca tipográfica del editor. Portada impresa en una sola tinta, con monograma del editor y nota manuscrita de donación (Juan Crisóstomo García). Dedicatoria, en griego. Texto impreso en una sola columna, con varios tipos y tamaños de letra. Notas de pie de página. Líneas del texto numeradas. En la introducción incluye diagramas entre el texto. Al final fe de erratas. Colección incompleta, falta V.1 |
| 505 0# - NOTA DE CONTENIDO CON FORMATO PREESTABLECIDO [R] | |
| Nota de contenido con formato preestablecido [NR] | V.2: Introducción ; Estudio crítico sobre las obras de Séneca y las fuentes documentales ; Ocho libros sobre cuestiones naturales |
| 506 ## - NOTA DE RESTRICCIONES DE ACCESO [R] | |
| Condiciones de acceso [NR] | Consulta en sala |
| 546 ## - NOTA DE IDIOMA [R] | |
| Nota de idioma [NR] | Texto en latín y griego |
| 650 #7 - ASIENTO SECUNDARIO DE MATERIA - TERMINO TEMATICO [R] | |
| Término temático o nombre geográfico como elemento de entrada [NR] | Literatura clásica |
| 9 (RLIN) | 18628 |
| 650 #7 - ASIENTO SECUNDARIO DE MATERIA - TERMINO TEMATICO [R] | |
| Término temático o nombre geográfico como elemento de entrada [NR] | Literatura Latina |
| 9 (RLIN) | 26526 |
| Subdivisión general [R] | Aspectos filosóficos |
| 650 #7 - ASIENTO SECUNDARIO DE MATERIA - TERMINO TEMATICO [R] | |
| Término temático o nombre geográfico como elemento de entrada [NR] | Literatura filosófica |
| 9 (RLIN) | 18657 |
| 690 ## - ASUNTO AGREGADO LOCAL DE ENTRADA - TÉRMINO TEMÁTICO (OCLC, RLIN) | |
| Acceso temático local | Literatura latina |
| 9 (RLIN) | 7796 |
| 700 1# - ASIENTO SECUNDARIO - NOMBRE PERSONAL [R] | |
| Nombre personal [NR] | Gercke, Alfred |
| Fechas asociadas con el nombre [NR] | 1860-1922 |
| Término de relación [R] | editor |
| 9 (RLIN) | 62937 |
| 942 ## - ELEMENTOS DE ENTRADA AGREGADOS (KOHA) | |
| Tipo de ítem principal el descrito en 300a | Libro |
| Tema principal | 18 |
| Edición | 1 |
| Sistema de clasificación | LOCAL |
| Clasificación | E08N019 |
| Suprimido | Perdido | Sistema de clasificación | Dañado | No prestable | Tipo de ítem específico | Ubicación habitual | Ubicación actual | Localización | Fecha de creación | Forma de adquisición | Costo | Volúmen / Fascículo | Total préstamos | Signatura topográfica | Código de barras | Última vez visto | Ejemplar | Price effective from | Tipo de ítem |
|---|---|---|---|---|---|---|---|---|---|---|---|---|---|---|---|---|---|---|---|
| LOCAL | Libro archivo | Archivo Histórico | Archivo Histórico | Archivo histórico | 14/07/2014 | Donación | 0.00 | V.2 | E08N019 | L001199 | 15/12/2012 | Ej.1 | 03/02/2013 | Libro |